Score 0/10 Timer 00:45
1 Play Today
% Correct
Novem
78.1%
Remember, remember the fifth of November
68.2%
Movember
63.8%
November Rain
61.6%
Novemberkåsan
61.6%
The November Man
56.4%
November Uprising
53.2%
Novemberpogrome
41.9%
Witch of November
27.7%
The Early November
20.2%

Today's Daily Dose

Remove Ads.
Support Sporcle.
Get the best of Sporcle when you Go Orange. This ad-free experience offers more features, more stats, and more fun while also helping to support Sporcle. Thank you for becoming a member.

You're not logged in!

Compare scores with friends on all Sporcle quizzes.
OR
Log In

Show Comments

Extras

Top Quizzes Today


Score Distribution

Your Account Isn't Verified!

In order to create a playlist on Sporcle, you need to verify the email address you used during registration. Go to your Sporcle Settings to finish the process.

Report this User

Report this user for behavior that violates our Community Guidelines.

Details: